00578nam a2200181 a 450000500170000000800410001702000180005805000260007610000170010224500900011926000360020930000200024552100100026565000450027565000320032065000210035265000230037320140311163003.0030415s19uu xx 00 eng d a9780205326488 aBF 723.C57b.C58 2002 aClose, Nancy aListening to Children :btalking with children about difficult issues /cNancy Close. aBoston :bAllyn & Bacon,c2002. a119 cm.c20 cm. aPSYCH aInterpersonal commnunication in children aCommunication in the family aParent and child aChildren and adult